Lectura correctiva y remedial /

En esta obra se presentan estrategias para faciliar el aprendizaje de la lectura comprensiva en niños y adolescentes con problemas en ese sentido.

محفوظ في:
التفاصيل البيبلوغرافية
المؤلف الرئيسي: Condemarín, Mabel (autor)
التنسيق: كتاب
اللغة:الإسبانية
منشور في: Santiago, Chile : Andrés Bello, 1998, c1998
الطبعة:3a edición
الموضوعات:
الوسوم: إضافة وسم
لا توجد وسوم, كن أول من يضع وسما على هذه التسجيلة!

MARC

LEADER 00000nam^a2200000^a^4500
001 000102975
005 20250521000000.0
009 20260310093330.484
020 |a 956-13-1422-3 
037 |a Acervo ITESO - Biblioteca 
041 |a ESP 
082 |a 372. 43  |b CON 
100 |a Condemarín, Mabel  |e (autor) 
245 1 0 |a Lectura correctiva y remedial /  |c M. Condemarín. 
250 |a 3a edición  |b revisada y aumentada 
264 4 |a Santiago, Chile :  |b Andrés Bello,  |c 1998, c1998 
300 |a 270 p. 
336 |a texto  |b txt  |2 rdacontenido 
337 |a sin mediación  |b n  |2 rdamedio 
338 |a volumen  |b nc  |2 rdasoporte 
520 |a En esta obra se presentan estrategias para faciliar el aprendizaje de la lectura comprensiva en niños y adolescentes con problemas en ese sentido. 
649 |a XX 
650 |a Lectura 
650 |a Problemas de Aprendizaje 
650 |a Proceso Educativo 
650 |a Psicología Educativa 
650 |a Educación Especial 
910 |a Fondo General 
920 |a Impresos - Libros 
930 |a Colección General 
905 |a 101 
901 |a 0500026978  |b IT1  |c ACC  |u 20250521 
902 |a https://opac.biblio.iteso.mx/vufind/Record/000102975